Kursus pentadbiran tanah - Modul pembantu penilaian : 2 - 5 September 2014

Bibliographic Details
Corporate Authors: Kursus pentadbiran tanah - Modul pembantu penilaian, INSPEN ( Institut Penilaian Negara )
Format: Book
Language:Malay
Published: Bangi : Institut Penilaian Negara , 2014
Subjects:

MARC

LEADER 00000cam a2200000 7i4500
001 0000026853
005 20160509.0
008 160509 my a f may
040 |a INS 
090 0 0 |a AVO143 
110 1 |a Kursus pentadbiran tanah - Modul pembantu penilaian ,   |d 2014 2 - 5 September   |c INSPEN, Bangi 
245 0 0 |a Kursus pentadbiran tanah - Modul pembantu penilaian :   |b 2 - 5 September 2014   |c Anjuran Pusat Penilaian dan Perkhidmatan Harta, INSPEN 
260 |a Bangi :   |b Institut Penilaian Negara ,   |c 2014 
300 |a 1v. ( Mukasurat pelbagai ) :   |b ill., pic., map. ;   |c 30 cm. 
650 0 |a Land use   |z Malaysia 
650 0 |a Real property   |z Malaysia 
710 1 |a INSPEN ( Institut Penilaian Negara ) 
999 |a AVO0000365   |b BOOK   |c Course Notes   |e Default branch 
999 |a AVO0000366   |b BOOK   |c Course Notes   |e Default branch 
999 |a AVO0000367   |b BOOK   |c Course Notes   |e Default branch